[Event "Zwolle Windesheim op-A"]
[Site "Zwolle"]
[Date "2004.03.21"]
[Round "5"]
[White "Ernst, Sipke"]
[Black "Tate, Emory"]
[Result "0-1"]
[WhiteElo "2474"]
[BlackElo "2351"]

1. d4 Nf6 2. c4 c5 3. d5 e5 4. Nc3 d6 5. e4 g6 6. Bd3 Nbd7 7. g4 Be7 8. Bh6 a6  9. h3 Bf8 10. Be3 h5 11. g5 Nh7 12. h4 Bg7 13. a3 O-O 14. Nge2 f6 15. Qd2 fxg5  16. hxg5 Rb8 17. b4 b6 18. Rb1 Ra8 19. Ng3 Rf4 20. Bxf4 exf4 21. Nge2 Ne5 22.  Kd1 Qxg5 23. Kc2 b5 24. Kb3 f3 25. Qxg5 Nxg5 26. Nf4 Nxd3 27. Nxd3 Bxc3 28.  bxc5 Bd4 29. cxd6 Nxe4 30. Rbe1 Bf5 31. Rh4 Bxf2 32. Nxf2 bxc4+ 33. Kxc4 Nxf2  34. Re7 Ng4 35. Rh1 f2 36. Kd4 Rd8 37. Rc1 Nh2 38. Rcc7 Bd7 0-1

[Event "National op"]
[Site "Las Vegas"]
[Date "2004.06.18"]
[Round "2"]
[White "McEntee, Tim"]
[Black "Tate, Emory"]
[Result "0-1"]
[WhiteElo "2137"]
[BlackElo "2340"]

1. d4 c5 2. d5 e5 3. c4 d6 4. Nc3 Be7 5. e4 Bg5 6. Nge2 Bxc1 7. Qxc1 Ne7 8. f4  exf4 9. Nxf4 Nd7 10. Bd3 Ne5 11. Qe3 N7g6 12. Nxg6 hxg6 13. O-O-O a6 14. Be2  Bd7 15. Rdg1 Qa5 16. g4 b5 17. cxb5 axb5 18. a3 b4 19. Nb1 Bb5 20. h4 Bxe2 21.  Qxe2 c4 22. axb4 Qxb4 23. Rg3 Nd3+ 24. Rxd3 cxd3 25. Qxd3 O-O 26. Rh2 Qe1+ 27.  Kc2 Ra1 28. Nc3 Rc1+ 0-1

[Event "World op 32nd"]
[Site "Philadelphia"]
[Date "2004.07.02"]
[Round "3"]
[White "Spigel, David E"]
[Black "Tate, Emory"]
[Result "0-1"]
[WhiteElo "2004"]
[BlackElo "2340"]

1. Nf3 c5 2. c4 Nc6 3. d4 cxd4 4. Nxd4 Nf6 5. Nc3 e5 6. Ndb5 d6 7. Bg5 a6 8.  Na3 Be6 9. e4 Be7 10. Nc2 O-O 11. Be2 Nxe4 12. Nxe4 Bxg5 13. Qxd6 Be7 14. Qd2  f5 15. Qxd8 Rfxd8 16. Nc3 Na5 17. Ne3 Bb4 18. Rc1 Rac8 19. O-O Rd2 20. Ned5  Bxd5 21. Nxd5 Bf8 22. Rfe1 Rxb2 23. Bd3 e4 24. Bb1 Rxc4 25. Ne3 Rxc1 26. Rxc1  g6 27. g4 Bh6 28. gxf5 Bxe3 29. fxe3 gxf5 30. a4 Kg7 31. Bc2 Kf6 32. Bd1 Nc6  33. h4 Ne5 34. Kf1 Nd3 35. Rc7 f4 36. Rxh7 f3 0-1

[Event "World op 32nd"]
[Site "Philadelphia"]
[Date "2004.07.03"]
[Round "4"]
[White "Benjamin, Joel"]
[Black "Tate, Emory"]
[Result "1-0"]
[WhiteElo "2566"]
[BlackElo "2340"]

1. e4 c5 2. Nf3 g6 3. c3 Bg7 4. d4 cxd4 5. cxd4 d5 6. e5 Nc6 7. h3 Bf5 8. Nc3  Qd7 9. Be3 f6 10. Bb5 Rd8 11. O-O a6 12. Bxc6 bxc6 13. Na4 Nh6 14. Nc5 Qc8 15.  Re1 O-O 16. e6 g5 17. Qe2 Rd6 18. Bd2 Be4 19. Nxe4 Rxe6 20. Qd3 Rxe4 21. Rxe4  dxe4 22. Qxe4 Qb7 23. b3 Nf7 24. Re1 Re8 25. Rc1 Nd8 26. Ba5 c5 27. d5 Qa7 28.  Qe3 e5 29. Rxc5 e4 30. Bxd8 Bf8 31. Rc3 Qxe3 32. Rxe3 Rxd8 33. Rxe4 Rxd5 34.  Rd4 Rc5 35. Rc4 Rd5 36. Kf1 Ra5 37. Rc2 Kf7 38. Ke2 h5 39. g4 Kg6 40. Nd4 Re5+  41. Kf3 Rd5 42. Nf5 Rd3+ 43. Kg2 hxg4 44. hxg4 a5 45. Rc8 Kf7 46. Rc7+ Ke8 47.  Ne3 Be7 48. Kf3 Bd8 49. Rc4 Rd2 50. Rc2 Rd4 51. Ke2 Bb6 52. Rc6 Bd8 53. Rc4 Rd7  54. Nf5 Bc7 55. Rc5 Kd8 56. Ne3 Re7 57. Kd3 Bb6 58. Rf5 Rd7+ 59. Rd5 Rxd5+ 60.  Nxd5 Bxf2 61. Nxf6 Kc7 62. Ne4 Bh4 63. Kc4 Kc6 64. a4 Kb6 65. Kd5 Kb7 66. Kc5  Kc7 67. Kb5 Kd7 68. Kxa5 Ke6 69. Kb5 Ke5 70. Nc5 1-0

[Event "World op 32nd"]
[Site "Philadelphia"]
[Date "2004.07.04"]
[Round "6"]
[White "Shipman, Walter"]
[Black "Tate, Emory"]
[Result "0-1"]
[WhiteElo "2243"]
[BlackElo "2368"]

1. d4 c5 2. d5 e5 3. e4 d6 4. Nc3 Be7 5. Nf3 Nd7 6. a4 h6 7. Nd2 Bg5 8. Nc4 Nb6  9. Bxg5 hxg5 10. Ne3 a5 11. Bb5+ Kf8 12. Qe2 Nf6 13. O-O-O g6 14. h3 Kg7 15.  Qd2 Ne8 16. Nc4 Nxc4 17. Bxc4 Nc7 18. Nb5 Ne8 19. Be2 Bd7 20. Nc3 Nc7 21. Bg4  b5 22. Bxd7 Qxd7 23. b3 bxa4 24. Nxa4 Rhb8 25. Nc3 Nb5 26. Nxb5 Qxb5 27. Rhe1  a4 28. Re3 Qa6 29. bxa4 Qxa4 30. Qc3 Rb4 31. f3 Rd4 32. Red3 Rb8 33. Kd2 Rxd3+  34. Kxd3 Rb4 35. Ra1 Qb5+ 36. Ke3 Rc4 37. Qd3 Qb4 38. Kf2 Rd4 39. Qb3 Rd2+ 40.  Kg3 Qd4 41. Rf1 c4 42. Qa3 Rxc2 43. Qxd6 c3 44. Qe7 Rd2 45. d6 c2 46. d7 c1=Q  47. d8=Q Qe1+ 48. Kh2 Rxg2+ 49. Kxg2 Qb2+ 50. Kg1 Qg3+ 0-1

[Event "Atlantic op 35th"]
[Site "Washington DC"]
[Date "2004.08.29"]
[Round "5"]
[White "Wojtkiewicz, Aleksander"]
[Black "Tate, Emory"]
[Result "0-1"]
[WhiteElo "2551"]
[BlackElo "2340"]

1. Nf3 Nf6 2. c4 e6 3. g3 d5 4. d4 c6 5. Bg2 Nbd7 6. Qc2 Be7 7. O-O O-O 8. Rd1  b5 9. c5 a5 10. Nbd2 Ra6 11. e4 Nxe4 12. Nxe4 dxe4 13. Qxe4 Nxc5 14. Qg4 f5 15.  Qh5 Ne4 16. Ne5 Qd5 17. Be3 Bb7 18. Qe2 Raa8 19. Nd3 Rad8 20. a4 bxa4 21. Nc5  Bxc5 22. dxc5 Qb3 23. Bd4 Rd5 24. f3 Nxc5 25. Bxc5 Rxc5 26. Rd7 Bc8 27. Rd3 Ba6  28. Rxb3 Bxe2 29. Re3 Rc2 30. Rxe6 Bb5 31. f4 Rf6 32. Re8+ Rf8 33. Re6 h6 34.  Rd1 Rf6 35. Re8+ Kf7 36. Rb8 Kg6 37. Rb7 Re6 38. Bh3 Rxb2 39. g4 Re3 40. gxf5+  Kh5 41. Bg2 a3 42. Rxg7 a2 0-1

[Event "Lindsborg op"]
[Site "Lindsborg"]
[Date "2004.12.19"]
[Round "4"]
[White "Hulsey, Mark A"]
[Black "Tate, Emory"]
[Result "1-0"]
[WhiteElo "2097"]
[BlackElo "2334"]

1. e4 c5 2. Nf3 e6 3. d4 cxd4 4. Nxd4 Nf6 5. Bd3 Nc6 6. Nxc6 bxc6 7. O-O Qc7 8.  c4 h5 9. Qe2 Ng4 10. f4 Bc5+ 11. Kh1 e5 12. h3 Qd8 13. Bd2 Qb6 14. b4 Bd4 15.  c5 Qc7 16. Bc3 Bxc3 17. Nxc3 exf4 18. e5 Nxe5 19. Rae1 f6 20. Ne4 d5 21. cxd6  Qb6 22. Rxf4 Bg4 23. Qf1 O-O-O 24. b5 Qd4 25. Bb1 Bd7 26. Nxf6 Qxd6 27. Nxd7  Nxd7 28. bxc6 Nc5 29. Rf7 g6 30. c7 Rdf8 31. Bxg6 Rxf7 32. Qxf7 Qxc7 33. Rc1  1-0

[Event "New York Masters 59th"]
[Site "New York"]
[Date "2003.06.03"]
[Round "1"]
[White "Caruana, Fabiano"]
[Black "Tate, Emory"]
[Result "0-1"]
[WhiteElo "2165"]
[BlackElo "2353"]

1. e4 c5 2. Nf3 e6 3. c3 d5 4. exd5 exd5 5. d4 c4 6. Be2 Bd6 7. O-O a6 8. Ne5  Ne7 9. Bf3 Nbc6 10. Re1 O-O 11. b3 cxb3 12. axb3 Be6 13. Bg5 Qc7 14. Bxe7 Nxe7  15. Qd2 Rac8 16. h3 Ng6 17. Nxg6 hxg6 18. Qg5 Bf4 19. Qh4 g5 20. Qh5 g6 21. Qh6  g4 0-1

[Event "Southern California op"]
[Site "Los Angeles"]
[Date "2002.09.01"]
[Round "4"]
[White "Kraai, Jesse"]
[Black "Tate, Emory"]
[Result "1/2-1/2"]
[WhiteElo "2439"]
[BlackElo "2356"]

1. Nf3 g6 2. c4 Bg7 3. e4 c5 4. d4 Qa5+ 5. Bd2 Qb6 6. Bc3 Nc6 7. dxc5 Bxc3+ 8.  Nxc3 Qxb2 9. Nd5 Nf6 10. Bd3 Nxd5 11. cxd5 Qc3+ 12. Ke2 Nd4+ 13. Nxd4 Qxd4 14.  Rc1 b6 15. Rc4 Qe5 16. Qa1 Qh5+ 17. f3 O-O 18. g4 Qh3 19. Qf1 Qh6 20. Qc1 Qh3  21. Qf1 1/2-1/2

[Event "Southern California op"]
[Site "Los Angeles"]
[Date "2002.09.02"]
[Round "6"]
[White "Norman, Roger"]
[Black "Tate, Emory"]
[Result "1-0"]
[WhiteElo "2150"]
[BlackElo "2356"]

1. e4 c5 2. Nf3 Nc6 3. d4 cxd4 4. Nxd4 e5 5. Nb5 d6 6. N1c3 Be6 7. Nd5 Bxd5 8.  exd5 Nb8 9. c4 Nd7 10. Be3 a6 11. Nc3 g6 12. Rc1 f5 13. f3 Bh6 14. Bxh6 Qh4+  15. g3 Qxh6 16. Qd2 Qxd2+ 17. Kxd2 Ngf6 18. Bd3 Ke7 19. Rhe1 Nc5 20. b4 Nxd3  21. Kxd3 a5 22. Rb1 Nd7 23. a3 axb4 24. axb4 Ra3 25. Ra1 Rha8 26. Rxa3 Rxa3 27.  Rb1 b6 28. Kc2 g5 29. Kb2 Ra8 30. Nb5 h5 31. Re1 g4 32. f4 h4 33. Nd4 Kf6 34.  Nb5 Ke7 35. Nd4 Rf8 36. Kc3 Kf6 37. Nb5 Ke7 38. Nd4 Kf6 39. Nb5 hxg3 40. hxg3  Ke7 41. Nd4 Rf7 42. Re2 Kf8 43. Ne6+ Kg8 44. c5 bxc5 45. bxc5 exf4 46. c6 Nf6  47. Nxf4 Ra7 48. Kb4 Ne4 49. Kb5 Nxg3 50. Rc2 Kf7 51. c7 Rxc7 52. Rxc7+ Kf6 53.  Kc4 Ne4 54. Kd4 Nf2 55. Rc2 Ne4 56. Re2 Kg5 57. Rxe4 fxe4 58. Kxe4 g3 59. Kf3  Kf5 60. Kxg3 Ke4 61. Kg4 Ke5 62. Kg5 Ke4 63. Kf6 1-0

[Event "American op 38th"]
[Site "Los Angeles"]
[Date "2002.11.30"]
[Round "6"]
[White "Gudino, Robert S"]
[Black "Tate, Emory"]
[Result "0-1"]
[WhiteElo "2251"]
[BlackElo "2368"]

1. d4 c5 2. d5 e6 3. c4 b5 4. cxb5 Nf6 5. Nc3 exd5 6. Nxd5 Bb7 7. Nxf6+ Qxf6 8.  Nf3 Be7 9. e3 O-O 10. Be2 d5 11. O-O Rd8 12. a4 Nd7 13. Rb1 Nf8 14. b4 cxb4 15.  Bb2 Qh6 16. Nd4 Bd6 17. g3 Ne6 18. Bf3 Ng5 19. Bg2 Qg6 20. Rc1 Bf8 21. Nc6 Rd6  22. Be5 Rd7 23. Na5 Qb6 24. Nxb7 Qxb7 25. Rc7 Rxc7 26. Bxd5 Rd8 27. Bxb7 Rxd1  28. Bxc7 Rd7 29. Bf4 Nh3+ 30. Kh1 Nxf4 0-1

[Event "Foxwoods op"]
[Site "Connecticut"]
[Date "2001.04.14"]
[Round "4"]
[White "Mayer, Steven F"]
[Black "Tate, Emory"]
[Result "0-1"]
[WhiteElo "2180"]
[BlackElo "2379"]

1. c4 e5 2. Nc3 f5 3. g3 Nf6 4. Bg2 Nc6 5. e3 h5 6. h4 d5 7. Nxd5 Nxd5 8. cxd5  Nb4 9. d3 c6 10. a3 Nxd5 11. Nf3 Qc7 12. b3 Nf6 13. Qc2 Ng4 14. e4 Be7 15. d4  exd4 16. Nxd4 Bf6 17. Bb2 f4 18. gxf4 Qxf4 19. Rd1 O-O 20. Rd2 Bd7 21. Qc5 Rae8  22. Re2 Nxf2 23. Qc4+ Kh8 24. Rxf2 Bxh4 0-1

[Event "Foxwoods op"]
[Site "Connecticut"]
[Date "2001.04.15"]
[Round "6"]
[White "Beltreo, Alexander"]
[Black "Tate, Emory"]
[Result "0-1"]
[WhiteElo "2257"]
[BlackElo "2379"]

1. e4 c5 2. Nf3 Nc6 3. d4 cxd4 4. Nxd4 e5 5. Nb5 Nf6 6. N1c3 d6 7. Nd5 Nxd5 8.  exd5 Ne7 9. c4 Nf5 10. Be2 g5 11. O-O Bh6 12. b4 a6 13. Nc3 a5 14. bxa5 Rxa5  15. a4 Rg8 16. Ne4 Nd4 17. Bd2 Ra8 18. c5 dxc5 19. Nxc5 Qxd5 20. Bb4 b6 21. Rc1  Bh3 22. f3 g4 23. Ne4 Be3+ 24. Kh1 Bxg2+ 25. Kxg2 gxf3+ 26. Kh1 Qxe4 27. Bb5+  Kd8 28. Bc6 Qg6 29. Bxf3 e4 30. Rc4 exf3 31. Rxd4+ Ke8 32. Qxf3 Qg1+ 0-1

[Event "World op 29th"]
[Site "Philadelphia"]
[Date "2001.07.08"]
[Round "9"]
[White "Finegold, Benjamin"]
[Black "Tate, Emory"]
[Result "1/2-1/2"]
[WhiteElo "2511"]
[BlackElo "2379"]

1. d4 Nf6 2. c4 c5 3. d5 e5 4. Nc3 d6 5. e4 Be7 6. g3 h5 7. h4 a6 8. a4 b6 9.  Bh3 Nbd7 10. Nge2 Rb8 11. f3 Kf8 12. Be3 Ne8 13. Qd3 Kg8 14. Rb1 g6 15. Kd2  1/2-1/2

[Event "Continental op"]
[Site "Las Vegas"]
[Date "2001.07.28"]
[Round "4"]
[White "Donaldson, John W"]
[Black "Tate, Emory"]
[Result "1-0"]
[WhiteElo "2435"]
[BlackElo "2377"]

1. Nf3 g6 2. d4 Bg7 3. g3 c5 4. c4 Nc6 5. d5 Na5 6. Nbd2 Nf6 7. Bg2 b5 8. cxb5  a6 9. bxa6 d6 10. O-O Bxa6 11. Re1 Nxd5 12. Qa4+ Kf8 13. a3 e6 14. e4 Nb6 15.  Qc2 c4 16. Nf1 Nb3 17. Rb1 Rc8 18. Be3 Na4 19. N1d2 Nxd2 20. Qxa4 Nxf3+ 21.  Bxf3 Bb7 22. Red1 Qc7 23. Bf4 e5 24. Bd2 Ke7 25. Bb4 Ra8 26. Qb5 Ra6 27. Rbc1  Rc8 28. Be2 Rb6 29. Rxc4 Qxc4 30. Qxb6 Qc6 31. Rxd6 1-0

[Event "US op"]
[Site "Boston"]
[Date "2001.08.06"]
[Round "3"]
[White "Anderson, Renard"]
[Black "Tate, Emory"]
[Result "0-1"]
[WhiteElo "2268"]
[BlackElo "2377"]

1. e4 c5 2. Nf3 d6 3. d4 cxd4 4. Nxd4 Nf6 5. Nc3 a6 6. Bc4 b5 7. Bb3 Bb7 8. O-O  g6 9. a4 b4 10. Nd5 Nxd5 11. exd5 Bg7 12. a5 Nd7 13. Ra4 Nc5 14. Rxb4 Qxa5 15.  c3 O-O 16. Nc6 Qc7 17. Ba2 Bxc6 18. dxc6 e6 19. Qf3 d5 20. Bf4 Be5 21. Bh6 Rfe8  22. Rh4 Qxc6 23. c4 Rad8 24. cxd5 exd5 25. Rd1 Bxb2 26. Rf4 Qe6 27. g3 Ne4 28.  Qb3 Be5 29. Rxd5 Qxd5 30. Qxd5 Rxd5 31. Rxe4 Rdd8 32. Bg5 Rc8 33. Ra4 Rc2 34.  Rxa6 0-1

[Event "US op"]
[Site "Boston"]
[Date "2001.08.10"]
[Round "7"]
[White "Kalinin, Alexander"]
[Black "Tate, Emory"]
[Result "1/2-1/2"]
[WhiteElo "2512"]
[BlackElo "2377"]

1. Nf3 c5 2. c4 Nc6 3. Nc3 g6 4. e3 Nf6 5. d4 cxd4 6. exd4 d5 7. cxd5 Nxd5 8.  Qb3 Nxc3 9. Bc4 e6 10. bxc3 Bd7 11. Be2 Na5 12. Qc2 Bd6 13. Bh6 Rc8 14. O-O Qc7  15. Qe4 Bf8 16. Bf4 Bd6 17. Bh6 Bf8 18. Bxf8 Kxf8 19. Ne5 f6 20. Nxd7+ Qxd7 21.  Bg4 Kf7 22. d5 f5 23. dxe6+ Qxe6 24. Qb4 b6 25. Rfe1 Qf6 26. Bf3 Rhd8 27. Rad1  Rxd1 28. Rxd1 Rc7 29. Bd5+ Kg7 30. c4 Nc6 31. Qa3 Ne5 32. h3 f4 33. Re1 g5 34.  Re4 h6 35. Qc3 Ng6 36. Qa3 Ne5 37. Qc3 Ng6 38. Qa3 Ne5 39. Qa4 Re7 40. Qa6 Ng6  41. Qc8 Qf8 42. Qc6 Qf6 43. Rxe7+ Qxe7 44. a4 h5 45. Be4 Ne5 46. Qd5 a5 47. Bf5  Kf6 48. Bc8 Kg7 49. Be6 Kf6 50. Bc8 Kg7 51. Be6 1/2-1/2

[Event "US op"]
[Site "Boston"]
[Date "2001.08.12"]
[Round "9"]
[White "Terrie, Henry L"]
[Black "Tate, Emory"]
[Result "0-1"]
[WhiteElo "2157"]
[BlackElo "2377"]

1. c4 d6 2. Nc3 e5 3. Nf3 g5 4. d4 g4 5. Ng1 Bg7 6. dxe5 Bxe5 7. e4 f5 8. exf5  Qe7 9. Nge2 Bxc3+ 10. bxc3 Bxf5 11. Be3 Nc6 12. Ng3 Bd7 13. Be2 h5 14. Qc2  O-O-O 15. Nf5 Qf7 16. Nd4 Nge7 17. O-O Nf5 18. Nxf5 Bxf5 19. Bd3 Bxd3 20. Qxd3  h4 21. Rab1 h3 22. Qd5 Qe8 23. Qf5+ Qd7 24. Qxd7+ Rxd7 25. Bd4 Rh5 26. Rfe1 Ne5  27. Bxe5 Rxe5 28. Kf1 Rde7 29. Rxe5 Rxe5 30. Rd1 c5 31. Rd5 Re1+ 32. Kxe1 hxg2  0-1

[Event "King's Island op 10th"]
[Site "King's Island"]
[Date "2001.11.10"]
[Round "2"]
[White "Quan Zhe, "]
[Black "Tate, Emory"]
[Result "0-1"]
[WhiteElo "2272"]
[BlackElo "2377"]

1. d4 c5 2. d5 e6 3. c4 exd5 4. cxd5 d6 5. Nc3 Be7 6. Nf3 Bf6 7. g3 Nd7 8. Bg2  Bxc3+ 9. bxc3 Qa5 10. O-O Ne7 11. Bf4 Qa6 12. e4 Ng6 13. Be3 O-O 14. Qc2 Nb6  15. Nd2 Bd7 16. c4 Ne5 17. Rfc1 f5 18. Bf4 Rae8 19. Bxe5 Rxe5 20. f4 Re7 21.  Re1 Rfe8 22. Kf2 g6 23. Qc3 fxe4 24. Nxe4 Qxc4 25. Qxc4 Nxc4 26. Nf6+ Kf7 27.  Nxe8 Bxe8 28. Rxe7+ Kxe7 29. Be4 b5 30. Ke2 b4 31. Rc1 Nb6 32. Ke3 Bf7 33. Rd1  a5 34. g4 a4 35. f5 gxf5 36. gxf5 Kf6 37. Rd3 a3 38. Kd2 Ke5 39. Bg2 Nxd5 40.  Kc2 Nf4 41. Re3+ Kxf5 42. Be4+ Kf6 43. Kb1 Bg6 44. Bxg6 hxg6 45. Kc2 d5 46. Kb3  Nd3 47. Kc2 c4 48. Rf3+ Ke5 49. Rg3 Nf4 50. Rg1 d4 51. Re1+ Kd5 52. Rf1 d3+ 53.  Kd2 Ke4 54. h4 c3+ 55. Kd1 b3 0-1

[Event "New York op"]
[Site "New York"]
[Date "2000.05.05"]
[Round "2"]
[White "Stripunsky, Alexander"]
[Black "Tate, Emory"]
[Result "1-0"]
[WhiteElo "2512"]
[BlackElo "2309"]

1. e4 c5 2. c3 e6 3. d4 d5 4. exd5 exd5 5. Be3 Nd7 6. Nf3 Ngf6 7. g3 Qb6 8. Qe2  c4 9. Bg2 Be7 10. O-O O-O 11. Ne5 Re8 12. Qc2 Qc7 13. f4 b5 14. Nd2 Bb7 15.  Rae1 b4 16. g4 bxc3 17. bxc3 Ba3 18. g5 Nxe5 19. fxe5 Nd7 20. Rf3 Bc6 21. Ref1  Re7 22. Nb1 Qa5 23. Qf2 Rf8 24. Qh4 Rb8 25. Nxa3 Qxa3 26. Bc1 Qxa2 1-0

[Event "New York op"]
[Site "New York"]
[Date "2000.05.08"]
[Round "6"]
[White "Shahade, Gregory"]
[Black "Tate, Emory"]
[Result "0-1"]
[WhiteElo "2461"]
[BlackElo "2309"]

1. e4 c5 2. Nf3 Nc6 3. d4 cxd4 4. Nxd4 e5 5. Nb5 d6 6. N1c3 a6 7. Na3 Be6 8.  Nc4 Rc8 9. Ne3 Nd4 10. g3 h5 11. h4 Nf6 12. Bg2 Be7 13. Ncd5 Nxd5 14. exd5 Bg4  15. f3 Bd7 16. c3 Nf5 17. Nxf5 Bxf5 18. Be3 Qa5 19. Qb3 b5 20. O-O Bd8 21. a4  Bb6 22. Bxb6 Qxb6+ 23. Kh2 O-O 24. axb5 axb5 25. Qa3 Rc5 26. Rfd1 b4 27. Qa6  Qb8 28. c4 Bc2 29. Rdc1 b3 30. Re1 f5 31. f4 e4 32. Bf1 Qd8 33. Be2 Qf6 34. Kh3  Rd8 35. Qb6 Rcc8 36. Ra7 Qxb2 37. Bxh5 Qf6 38. Rf7 Qc3 39. Rxf5 Rf8 40. Qxd6  Qxe1 41. Qe6+ Kh8 42. Bf3 Qf1+ 43. Bg2 Qe2 44. g4 Qd3+ 45. Kh2 e3 46. Rh5+ Qh7  47. Be4 Qxh5 48. gxh5 Rce8 0-1

[Event "Vernon op"]
[Site "Mt Vernon"]
[Date "2000.06.18"]
[Round "4"]
[White "Reichstein, Boris"]
[Black "Tate, Emory"]
[Result "1/2-1/2"]
[WhiteElo "2269"]
[BlackElo "2309"]

1. e4 c5 2. Nf3 e6 3. d4 cxd4 4. Nxd4 Nc6 5. Nxc6 bxc6 6. Bd3 d5 7. O-O Nf6 8.  Nd2 Bd6 9. exd5 cxd5 10. Nf3 Qc7 11. Re1 Rb8 12. b3 O-O 13. Bb2 Bb7 14. h3 Ne4  15. Bxe4 dxe4 16. Ng5 Bh2+ 17. Kh1 Rbd8 18. Qe2 Be5 19. Bxe5 Qxe5 20. Nxe4 Qxe4  21. Qxe4 Bxe4 22. Rxe4 Rd2 23. Kg1 1/2-1/2

[Event "Continental op 45'"]
[Site "Los Angeles"]
[Date "2000.07.30"]
[Round "9"]
[White "Reefat, Bin Sattar"]
[Black "Tate, Emory"]
[Result "1/2-1/2"]
[WhiteElo "2467"]
[BlackElo "2339"]

1. e4 c5 2. Nf3 Nc6 3. Nc3 Nf6 4. e5 Ng4 5. Qe2 d6 6. exd6 e6 7. Qc4 e5 8. h3  Nh6 9. Qxc5 Bxd6 10. Qc4 O-O 11. d3 Nf5 12. Bg5 Qe8 13. O-O-O Be6 14. Qe4 Rc8  15. Bd2 Nfd4 16. Nxd4 Nxd4 17. f4 f5 18. Qe1 Bxa2 19. Be3 Qc6 20. Qf2 Nb3+ 21.  cxb3 Bxb3 22. fxe5 1/2-1/2

[Event "Antwerp Chess Event"]
[Site "Deurne"]
[Date "2000.08.20"]
[Round "2"]
[White "Lubbers, Johan"]
[Black "Tate, Emory"]
[Result "0-1"]
[WhiteElo "2122"]
[BlackElo "2339"]

1. d4 c5 2. d5 Nf6 3. c4 b5 4. cxb5 a6 5. f3 e6 6. e4 c4 7. Nh3 axb5 8. d6 Nc6  9. Bf4 Qb6 10. Nc3 e5 11. Bg5 Nd4 12. Bxf6 gxf6 13. Be2 Rg8 14. Nd5 Qxd6 15.  O-O Bb7 16. Ne3 Qb6 17. Kh1 Bc5 18. Ng4 h5 19. Ngf2 f5 20. a4 Qg6 21. g3 fxe4  22. Ng1 exf3 23. Bxf3 Nxf3 24. Nxf3 Qf5 25. Kg2 e4 26. Re1 O-O-O 27. Nxe4 Bxe4  28. Rxe4 Qxe4 29. axb5 h4 30. b6 hxg3 31. hxg3 Rxg3+ 32. Kxg3 Rg8+ 0-1

[Event "Antwerp Chess Event"]
[Site "Deurne"]
[Date "2000.08.24"]
[Round "5"]
[White "Dgebuadze, Alexandre"]
[Black "Tate, Emory"]
[Result "1/2-1/2"]
[WhiteElo "2536"]
[BlackElo "2339"]

1. e4 c5 2. Nf3 d6 3. d4 cxd4 4. Nxd4 Nf6 5. Nc3 a6 6. Be3 Nbd7 7. g4 h6 8. Rg1  b5 9. a4 bxa4 10. Rxa4 Nc5 11. Rc4 Bb7 12. f3 e6 13. Nde2 Nfd7 14. Rd4 Ne5 15.  Ng3 Qc7 16. Be2 Be7 17. Nh5 g6 18. Ng3 Rd8 19. Qc1 Nc6 20. Rd1 Nb4 21. Kf2 Bf6  22. Rh1 Bg7 23. h4 Be5 24. Rh3 d5 25. exd5 exd5 26. Bd4 Bf4 27. Be3 Ne6 28.  Bxf4 Nxf4 29. Rhh1 O-O 30. Rd4 Ne6 31. Rdd1 Nf4 32. Rd4 Ne6 33. Rdd1 Kh7 34. h5  g5 35. Bd3+ Nxd3+ 36. cxd3 Qb6+ 37. d4 Rfe8 38. Qd2 Nf4 39. Nge2 Nxe2 40. Nxe2  Rb8 41. Nc3 Re6 42. Na4 Qb5 43. Nc5 Rb6 44. b3 Bc8 45. Rhe1 Rf6 46. Kg3 Qb6 47.  Qd3+ Kg7 48. Qe3 Qd6+ 49. Qe5 Qxe5+ 50. Rxe5 Be6 51. Ra1 Rb4 52. Rxa6 Rxd4 53.  Nxe6+ fxe6 54. Rexe6 Rxe6 55. Rxe6 Rb4 56. Re7+ Kg8 57. Re3 Kf7 58. Rc3 Kf6 59.  Rc6+ Kg7 60. Rc7+ Kg8 61. Rc3 Kf7 62. Kf2 d4 63. Rc6 Kg7 64. Rg6+ Kh7 65. Rd6  Rxb3 66. Rd7+ Kg8 67. Rxd4 Rb7 68. Ke3 Re7+ 69. Re4 Rb7 70. Re6 Kg7 71. Rg6+  Kh7 72. f4 gxf4+ 73. Kxf4 Rf7+ 74. Ke5 Ra7 75. Rd6 Rg7 1/2-1/2

[Event "Antwerp Chess Event"]
[Site "Deurne"]
[Date "2000.08.26"]
[Round "7"]
[White "Hautot, Stephane"]
[Black "Tate, Emory"]
[Result "0-1"]
[WhiteElo "2243"]
[BlackElo "2339"]

1. e4 c5 2. c4 Nc6 3. Nc3 g6 4. g3 a6 5. Bg2 b5 6. d3 Bg7 7. Nge2 b4 8. Nd5 e6  9. Ne3 Nge7 10. O-O Bb7 11. Nc2 Rc8 12. Be3 Qa5 13. Nc1 d6 14. Nb3 Qd8 15. d4  cxd4 16. Nbxd4 Nxd4 17. Bxd4 e5 18. Be3 Rxc4 19. b3 Rxe4 20. Bg5 f6 21. f3 Qb6+  22. Kh1 Rd4 23. Nxd4 fxg5 24. Ne6 Bf6 25. Qd2 Nf5 26. Rac1 Ke7 27. Nc7 Nd4 28.  f4 gxf4 29. Nd5+ Bxd5 30. Bxd5 g5 31. Qd3 Qb5 32. Qe4 Qe2 33. Rc7+ Kd8 34. Rfc1  Qxe4+ 35. Bxe4 Nb5 36. Rb7 Nc3 37. Rxb4 Nxe4 38. Rxe4 Kd7 39. Ra4 Rd8 40. gxf4  gxf4 41. Kg2 d5 42. Rc5 Ke6 43. Kf3 Be7 44. Rc6+ Kf5 45. Raxa6 e4+ 46. Kf2 Bh4+  47. Kf1 Re8 48. Ra5 Re5 49. Ra7 f3 50. Rf7+ Kg4 51. Rh6 Bg5 52. Rhxh7 e3 53.  Rhg7 d4 54. Rxg5+ Rxg5 55. Re7 Rc5 56. Rg7+ Kf4 57. Rf7+ Ke4 0-1

[Event "Virginia op"]
[Site "Fredericksburg"]
[Date "1999.01.24"]
[Round "5"]
[White "Kaufman, Larry C"]
[Black "Tate, Emory"]
[Result "0-1"]
[WhiteElo "2400"]
[BlackElo "2390"]

1. e4 c5 2. Nf3 d6 3. d4 cxd4 4. Nxd4 Nf6 5. f3 e5 6. Nb3 Be7 7. c4 a5 8. Be3  a4 9. N3d2 O-O 10. Bd3 Nc6 11. a3 Nd7 12. O-O Bg5 13. Bf2 Nc5 14. Bc2 Nd4 15.  f4 Bg4 16. Qxg4 Nxc2 17. fxg5 Nxa1 18. Nc3 Nab3 19. Nf3 Nd3 20. Nd5 Nbc5 21.  Nf6+ Kh8 22. Nxh7 Kxh7 23. g6+ fxg6 24. Ng5+ Kg8 25. Qh4 Qxg5 26. Qxg5 Rxf2 27.  Rxf2 Nxf2 28. Qxg6 Nfxe4 29. g4 Rf8 30. g5 Nd2 31. Qxd6 Rf1+ 32. Kg2 Rf2+ 33.  Kh3 Nce4 34. Qe6+ Kh7 35. g6+ Kh6 36. Qxe5 Nf3 37. Qb8 Nfg5+ 38. Kg4 Nf6+ 39.  Kg3 Rf3+ 40. Kg2 Nfe4 41. b4 Rf2+ 42. Kh1 Nf3 43. Qh8+ Kxg6 44. Qe8+ Kf5 45.  Qd7+ Kf4 46. Qc7+ Ke3 47. Qb6+ Ke2 0-1

[Event "Best Western Classic op"]
[Site "Mt Vernon"]
[Date "1999.02.21"]
[Round "5"]
[White "Meyer, Eugene B"]
[Black "Tate, Emory"]
[Result "1/2-1/2"]
[WhiteElo "2460"]
[BlackElo "2345"]

1. Nf3 d6 2. d4 Nf6 3. c4 g6 4. Nc3 Bg7 5. e4 O-O 6. Be2 e5 7. O-O Nc6 8. d5  Ne7 9. Nd2 Ne8 10. b4 f5 11. c5 Nf6 12. f3 f4 13. Nc4 g5 14. Ba3 h5 15. b5 Ne8  16. Bb4 Rf7 17. a4 Bf8 18. a5 Ng6 19. Na4 Rg7 20. b6 g4 21. fxg4 Nh4 22. h3  hxg4 23. Bxg4 axb6 24. cxd6 b5 25. dxc7 Qxc7 26. Bxf8 Bxg4 27. hxg4 Kxf8 28.  Ncb6 Rxa5 29. Rc1 Qd6 30. Nc8 Qa3 31. Nc5 1/2-1/2

[Event "Foxwoods op"]
[Site "Mashantucket"]
[Date "1999.04.02"]
[Round "3"]
[White "Kelleher, William"]
[Black "Tate, Emory"]
[Result "1-0"]
[WhiteElo "2387"]
[BlackElo "2345"]

1. e4 c5 2. Nf3 d6 3. d4 cxd4 4. Nxd4 Nf6 5. Nc3 a6 6. Bc4 b5 7. Bb3 Bb7 8. O-O  Nbd7 9. Bg5 g6 10. Re1 Bg7 11. Qd2 Nc5 12. Bh6 O-O 13. Bxg7 Kxg7 14. f3 e5 15.  Nde2 b4 16. Na4 Nxa4 17. Bxa4 Qb6+ 18. Kh1 Bxe4 19. Ng3 Bd5 20. Nf5+ Kh8 21.  Qh6 Nh5 22. Rad1 Qc5 23. Qe3 Qa5 24. Nxd6 f6 25. Bb3 Bxb3 26. Qxb3 Ra7 27. g3  Qc5 28. Rd5 Qc6 29. Red1 a5 30. Ne4 Rff7 31. Rd6 Qc7 32. Rd8+ Kg7 33. Nd6 Qc6  34. Nxf7 Rxf7 35. Qd3 Kh6 36. Rd6 Qc8 37. Rd7 Rf8 38. Qe3+ g5 39. Qe4 Rh8 40.  R1d6 Qc5 41. Qf5 Qf2 42. Rxf6+ 1-0

[Event "Washington Eastern op"]
[Site "Washington"]
[Date "1999.12.27"]
[Round "4"]
[White "Figler, Ilya"]
[Black "Tate, Emory"]
[Result "1-0"]
[WhiteElo "2378"]
[BlackElo "2329"]

1. d4 Nf6 2. c4 e6 3. Nc3 Bb4 4. e3 O-O 5. Nge2 Ne4 6. Bd2 Nxd2 7. Qxd2 Nc6 8.  a3 Bxc3 9. Nxc3 d6 10. Be2 e5 11. O-O f5 12. f4 e4 13. b4 Ne7 14. Rab1 Bd7 15.  a4 Rf7 16. a5 Kh8 17. d5 Ng8 18. c5 Qf6 19. Bc4 Ne7 20. Rfd1 Rg8 21. Qd4 Qxd4  22. Rxd4 g5 23. c6 Bc8 24. Nb5 gxf4 25. Nxa7 Rfg7 26. Nxc8 Nxc8 27. cxb7 Na7  28. Bf1 fxe3 29. Re1 c5 30. dxc6 Nxc6 31. Rxd6 Ne5 32. Rxe3 Nc4 33. Rd7 Rxd7  34. Bxc4 Rd1+ 35. Kf2 Rb8 36. a6 1-0